Josie the jewelry fairy / (Record no. 780)

MARC details
000 -LEADER
fixed length control field 02185nam a22005177a 4500
005 - DATE AND TIME OF LATEST TRANSACTION
control field 20230707134617.0
020 ## - INTERNATIONAL STANDARD BOOK NUMBER
International Standard Book Number 9780545708326
Qualifying information pbk.
020 ## - INTERNATIONAL STANDARD BOOK NUMBER
International Standard Book Number 054570832X
Qualifying information pbk.
020 ## - INTERNATIONAL STANDARD BOOK NUMBER
International Standard Book Number 9781480672512
Qualifying information Paw Prints
020 ## - INTERNATIONAL STANDARD BOOK NUMBER
International Standard Book Number 1480672513
Qualifying information Paw Prints
040 ## - CATALOGING SOURCE
Original cataloging agency PAP
Language of cataloging eng
Transcribing agency PAP
Description conventions rda
Modifying agency PAP
-- OCLCO
-- BTCTA
-- HBP
-- OCP
-- OCLCO
-- JTH
-- UPZ
-- JTH
-- DAD
-- OCLCF
-- EHH
-- OCL
-- OCLCO
-- YDXCP
-- BDX
-- DLC
050 00 - LIBRARY OF CONGRESS CALL NUMBER
Classification number PZ7.M507
Item number Jn 2015
082 04 - DEWEY DECIMAL CLASSIFICATION NUMBER
Classification number [Fic]
Edition number 23
100 1# - MAIN ENTRY--PERSONAL NAME
Personal name Meadows, Daisy,
Relator term author.
245 10 - TITLE STATEMENT
Title Josie the jewelry fairy /
Statement of responsibility, etc. by Meadows, Daisy .
260 ## - PUBLICATION, DISTRIBUTION, ETC.
Place of publication, distribution, etc. London :
Name of publisher, distributor, etc. Orchard,
Date of publication, distribution, etc. 2014.
300 ## - PHYSICAL DESCRIPTION
Extent 73 pages :
Other physical details illustrations ;
Dimensions 20 cm.
490 1# - SERIES STATEMENT
Series statement Rainbow magic. The magical crafts fairies ;
Volume/sequential designation Book 4
500 ## - GENERAL NOTE
General note "Previously published as Magical crafts fairies #4: Josie the jewellery-making fairy by Orchard U.K. in 2014"--Title page verso.
505 ## - FORMATTED CONTENTS NOTE
Formatted contents note R <br/>
520 ## - SUMMARY, ETC.
Summary, etc. Josie the jewelry fairy needs Rachel and Kirsty's help to find her missing beaded ribbon in order to help keep Rainspell Island's Arts and Crafts Week on schedule.
521 ## - TARGET AUDIENCE NOTE
Target audience note 720 <br/>
Source Lexile <br/>
521 ## - TARGET AUDIENCE NOTE
Target audience note R <br/>
Source Raz-Plus
650 #0 - SUBJECT ADDED ENTRY--TOPICAL TERM
Topical term or geographic name entry element Tate, Kirsty (Fictitious character)
Form subdivision Juvenile fiction.
650 #0 - SUBJECT ADDED ENTRY--TOPICAL TERM
Topical term or geographic name entry element Walker, Rachel (Fictitious character)
Form subdivision Juvenile fiction.
650 #0 - SUBJECT ADDED ENTRY--TOPICAL TERM
Topical term or geographic name entry element Fairies
Form subdivision Juvenile fiction.
650 #0 - SUBJECT ADDED ENTRY--TOPICAL TERM
Topical term or geographic name entry element Magic
Form subdivision Fiction.
650 #0 - SUBJECT ADDED ENTRY--TOPICAL TERM
Topical term or geographic name entry element Jewelry
Form subdivision Fiction.
650 #1 - SUBJECT ADDED ENTRY--TOPICAL TERM
Topical term or geographic name entry element Tate, Kirsty (Fictitious character)
Form subdivision Fiction.
650 #1 - SUBJECT ADDED ENTRY--TOPICAL TERM
Topical term or geographic name entry element Walker, Rachel (Fictitious character)
Form subdivision Fiction.
650 #1 - SUBJECT ADDED ENTRY--TOPICAL TERM
Topical term or geographic name entry element Fairies
Form subdivision Fiction.
650 #1 - SUBJECT ADDED ENTRY--TOPICAL TERM
Topical term or geographic name entry element Twins
Form subdivision Fiction.
650 #1 - SUBJECT ADDED ENTRY--TOPICAL TERM
Topical term or geographic name entry element Magic
Form subdivision Fiction.
650 #1 - SUBJECT ADDED ENTRY--TOPICAL TERM
Topical term or geographic name entry element Jewelry
Form subdivision Fiction.
650 #7 - SUBJECT ADDED ENTRY--TOPICAL TERM
Topical term or geographic name entry element Fairies.
Source of heading or term fast
Authority record control number or standard number (OCoLC)fst00919878
650 #7 - SUBJECT ADDED ENTRY--TOPICAL TERM
Topical term or geographic name entry element Jewelry.
Source of heading or term fast
Authority record control number or standard number (OCoLC)fst00982535
650 #7 - SUBJECT ADDED ENTRY--TOPICAL TERM
Topical term or geographic name entry element Magic.
Source of heading or term fast
Authority record control number or standard number (OCoLC)fst01005468
650 #7 - SUBJECT ADDED ENTRY--TOPICAL TERM
Topical term or geographic name entry element Tate, Kirsty (Fictitious character)
Source of heading or term fast
Authority record control number or standard number (OCoLC)fst01748294
650 #7 - SUBJECT ADDED ENTRY--TOPICAL TERM
Topical term or geographic name entry element Walker, Rachel (Fictitious character)
Source of heading or term fast
Authority record control number or standard number (OCoLC)fst01748295
655 #7 - INDEX TERM--GENRE/FORM
Genre/form data or focus term Fiction.
Source of term fast
Authority record control number or standard number (OCoLC)fst01423787
655 #7 - INDEX TERM--GENRE/FORM
Genre/form data or focus term Juvenile works.
Source of term fast
Authority record control number or standard number (OCoLC)fst01411637
906 ## - LOCAL DATA ELEMENT F, LDF (RLIN)
a 7
b cbc
c copycat
d 2
e ncip
f 20
g y-gencatlg
942 ## - ADDED ENTRY ELEMENTS (KOHA)
Source of classification or shelving scheme Dewey Decimal Classification
Koha item type Books
Suppress in OPAC No
999 ## -
-- 780
-- 780
Holdings
Withdrawn status Lost status Source of classification or shelving scheme Damaged status Not for loan Collection Home library Current library Shelving location Date acquired Total Checkouts Full call number Barcode Date last seen Date last checked out Price effective from Koha item type
    Dewey Decimal Classification     Fiction Footprints International School Library Network Toul Kork Campus Footprints International School Library Network Toul Kork Campus TK Primary Library Room(4th Floor), Bookcase 5&6, Shelves 33-56, Orange Books 07/07/2023 1 MEA Fic 823.92 PZ7.M507 FISTK00275 09/13/2023 08/23/2023 07/07/2023 Books